Commentary on the right to information act (Record no. 452)

MARC details
000 -LEADER
fixed length control field 00904 a2200205 4500
008 - FIXED-LENGTH DATA ELEMENTS--GENERAL INFORMATION
fixed length control field 080820t xxu||||| |||| 00| 0 eng d
010 ## - LIBRARY OF CONGRESS CONTROL NUMBER
LC control number ENG-84810
020 ## - INTERNATIONAL STANDARD BOOK NUMBER
International Standard Book Number 8175345500
Terms of availability 895.00
035 ## - SYSTEM CONTROL NUMBER
System control number EN-68343
082 ## - DEWEY DECIMAL CLASSIFICATION NUMBER
Classification number 342.540662
100 ## - MAIN ENTRY--PERSONAL NAME
Personal name Barowalia, J. N.
245 ## - TITLE STATEMENT
Title Commentary on the right to information act
Statement of responsibility, etc by J. N. Barowalia
260 ## - PUBLICATION, DISTRIBUTION, ETC. (IMPRINT)
Place of publication, distribution, etc New Delhi :
Name of publisher, distributor, etc Universal Law Publishing,
Date of publication, distribution, etc 2006.
270 ## - ADDRESS
Address C-FF-1A, Dilkhush Industrial Area, G. T. Karnal Road,
City Delhi
State or province Delhi
Postal code 110033
Telephone number 011-27438103, 27215334
Fax number 011-27458529
Electronic mail address sales@unilawbooks.com
300 ## - PHYSICAL DESCRIPTION
Extent xxxiv, 903 p.
Dimensions 24 cm. (Hb)
500 ## - GENERAL NOTE
General note Includes index
650 ## - SUBJECT ADDED ENTRY--TOPICAL TERM
Topical term or geographic name as entry element Right to information act
942 ## - ADDED ENTRY ELEMENTS (KOHA)
Institution code [OBSOLETE] dpl
Koha item type English Books
Call number prefix 342.540662 / BAR
Source of classification or shelving scheme Dewey Decimal Classification
Classification part 342.540662
Call number suffix BAR
Holdings
Withdrawn status Lost status Damaged status Not for loan Home library Current library Date acquired Cost, normal purchase price Total Checkouts Full call number Barcode Date last seen Copy number Uniform Resource Identifier Cost, replacement price Price effective from Koha item type
        D.B.Act.Division D.B.Act.Division 20/08/2008 895.00   342.540662 BAR EN-68343 15/09/2008 1 474 895.00 15/09/2008 English Books

© Delhi Public Library
Hit Counter
free hit counter